PILKA NOZNA I FIFA - Statystyki

Ogólne statystyki
  • Ten quiz został rozwiązany 1 734 razy
  • Średni wynik to 3 z 7
Statystyki odpowiedzi
Odpowiedź % Poprawnych
5 bramek w 9 minut Lewandowski
95%
Zdobywca złotej piłki w roku 2007 Kaka
63%
podstawowa wersja Ikony w fife 20 z ovr 91 ....FRANCUZ Zidane
56%
Bramkarz Unionu Berlin Gikiewicz
31%
Otrzymał w fifie 20 karte futmas z ovr 85 lewy obrońca Mendy
28%
Najlepszy młody piłkarz roku 2019 Felix
13%
Kiedyś uważany za przyszłego Messiego w Barcelonie Bojan Krikic
5%
Nie znaleziono quizów pasujących do podanych kryteriów
Rozkład punktacji
Procent ludzi z każdym wynikiem
Percentyl według liczby udzielonych odpowiedzi
Twoja historia wyników
Nie rozwiązałeś tego quizu